书目信息 |
| 题名: |
物权法理论研究
|
|
| 作者: | 王彩云 著 | |
| 分册: | ||
| 出版信息: | 北京 中国水利水电出版社 2015 |
|
| 页数: | 278页 | |
| 开本: | 24cm | |
| 丛书名: | ||
| 单 册: | ||
| 中图分类: | D923.24 | |
| 科图分类: | ||
| 主题词: | 物权法--Wu Quan Fa--研究--中国 | |
| 电子资源: | ||
| ISBN: | 978-7-5170-3393-6 | |
| 000 | 00608nam0 22002171 450 | |
| 001 | 351127 | |
| 005 | 20161011151819.51 | |
| 010 | @a978-7-5170-3393-6@dCNY54.00 | |
| 100 | @a20160321d2015 ekmy0chiy50 ea | |
| 101 | 0 | @achi |
| 102 | @aCN@b110000 | |
| 105 | @ay z 000yy | |
| 106 | @ar | |
| 200 | 1 | @a物权法理论研究@AWu Quan Fa Li Lun Yan Jiu@f王彩云著 |
| 210 | @a北京@c中国水利水电出版社@d2015 | |
| 215 | @a278页@d24cm | |
| 606 | 0 | @a物权法@AWu Quan Fa@x研究@y中国 |
| 690 | @aD923.24@v5 | |
| 701 | 0 | @a王彩云@AWang Cai Yun@4著 |
| 801 | 0 | @aCN@bTANGWEI@c20160812 |
| 905 | @b0893256-60@dD923.24@e1422@f5 | |
| 物权法理论研究/王彩云著.-北京:中国水利水电出版社,2015 |
| 278页;24cm |
| ISBN 978-7-5170-3393-6:CNY54.00 |
| ● |
| 相关链接 |
|
|
|
|
正题名:物权法理论研究
索取号:D923.24/1422
 
预约/预借
| 序号 | 登录号 | 条形码 | 馆藏地/架位号 | 状态 | 备注 |
| 1 | 0893256 | 208932565 | 第一样本阅览室/ [索取号:D923.24/1422] | 在馆 | |
| 2 | 0893257 | 208932574 | 第一借阅区/ [索取号:D923.24/1422] | 在馆 | |
| 3 | 0893258 | 208932583 | 第一借阅区/ [索取号:D923.24/1422] | 在馆 | |
| 4 | 0893259 | 208932592 | 第一借阅区/ [索取号:D923.24/1422] | 在馆 | |
| 5 | 0893260 | 208932609 | 密集书库-史法系/ [索取号:D923.24/1422] | 在馆 |